|
|
|
|
| LEADER |
02470cam a2200661 a 4500 |
| 001 |
nkc20051584950 |
| 003 |
CZ PrNK |
| 005 |
20210313192437.0 |
| 007 |
ta |
| 008 |
051007s2005 xr a f 001 1dcze |
| 015 |
|
|
|a cnb001584950
|
| 020 |
|
|
|a 80-7325-066-7
|q (Centrum pro studium demokracie a kultury ;
|q váz.)
|
| 020 |
|
|
|a 80-7192-868-2
|q (Karmelitánské nakladatelství ;
|q váz.) :
|c Kč 398,00
|
| 035 |
|
|
|a (OCoLC)85163474
|
| 040 |
|
|
|a ABA001
|b cze
|d BOA001
|
| 043 |
|
|
|a e-xr---
|
| 045 |
|
|
|a x9y0
|
| 072 |
|
7 |
|a 72/76
|x Výtvarné umění
|2 Konspekt
|9 21
|
| 080 |
|
|
|a 72/76(437.3)
|2 MRF
|
| 080 |
|
|
|a 7.036/.038
|2 MRF
|
| 080 |
|
|
|a 2-167.2
|2 MRF
|
| 080 |
|
|
|a 7.04
|2 MRF
|
| 080 |
|
|
|a (437.3)
|2 MRF
|
| 080 |
|
|
|a (048.8)
|2 MRF
|
| 080 |
|
|
|a (0:82-84)
|2 MRF
|
| 080 |
|
|
|a (084.11)
|2 MRF
|
| 100 |
1 |
|
|a Rechlík, Karel,
|d 1950-
|7 jn20000728550
|4 aut
|
| 245 |
1 |
0 |
|a Anděl na cestě /
|c Karel Rechlík
|
| 250 |
|
|
|a 1. vyd.
|
| 260 |
|
|
|a Brno :
|b Centrum pro studium demokracie a kultury ;
|a Kostelní Vydří :
|b Karmelitánské nakladatelství,
|c 2005
|
| 300 |
|
|
|a 195 s. :
|b barev. il. ;
|c 21 cm
|
| 504 |
|
|
|a Obsahuje bibliografii a rejstřík
|
| 600 |
1 |
7 |
|a Rechlík, Karel,
|d 1950-
|7 jn20000728550
|2 czenas
|
| 648 |
|
7 |
|a 20.-21. století
|7 ch462155
|2 czenas
|
| 650 |
0 |
7 |
|a české výtvarné umění
|7 ph116865
|y 20.-21. století
|2 czenas
|
| 650 |
0 |
7 |
|a moderní umění
|7 ph115340
|z Česko
|2 czenas
|
| 650 |
0 |
7 |
|a angelologie
|7 ph114047
|2 czenas
|
| 650 |
0 |
7 |
|a andělé
|7 ph114045
|2 czenas
|
| 650 |
0 |
7 |
|a umělecké náměty
|7 ph138227
|2 czenas
|
| 650 |
0 |
9 |
|a Czech art
|y 20th-21st centuries
|2 eczenas
|
| 650 |
0 |
9 |
|a modern art
|z Czechia
|2 eczenas
|
| 650 |
0 |
9 |
|a angelology
|2 eczenas
|
| 650 |
0 |
9 |
|a angels
|2 eczenas
|
| 650 |
0 |
9 |
|a artistic themes
|2 eczenas
|
| 655 |
|
7 |
|a monografie
|7 fd132842
|2 czenas
|
| 655 |
|
7 |
|a citáty
|7 fd131832
|2 czenas
|
| 655 |
|
7 |
|a obrazové publikace
|7 fd132947
|2 czenas
|
| 655 |
|
9 |
|a monographs
|2 eczenas
|
| 655 |
|
9 |
|a quotations
|2 eczenas
|
| 655 |
|
9 |
|a pictorial works
|2 eczenas
|
| 856 |
4 |
1 |
|u http://www.digitalniknihovna.cz/mzk/uuid/uuid:4e2215b0-55aa-11eb-9496-005056827e52
|y Digitalizovaný dokument
|x NDK
|
| 910 |
2 |
|
|a BOA001
|b 2-1160.378
|
| 928 |
9 |
|
|a CDK (Centrum pro studium demokracie a kultury)
|
| 928 |
9 |
|
|a Centrum pro studium demokracie a kultury (CDK)
|
| 990 |
|
|
|a BK
|
| 995 |
|
|
|a 01
|
| 991 |
|
|
|b 200512
|c NOV
|
| 996 |
6 |
|
|b 2610263862
|c 2-1160.378
|l MZK
|r Sklad / do 1 hodiny
|n 10
|p p.v.
|w 000798662
|u 000010
|a 1
|e BOA001
|j MZK50
|s P
|